| 000 | 00660cam a2200181 4500 | ||
|---|---|---|---|
| 001 | D7433 | ||
| 008 | 090401t1983 xxu||||| |||| 00| 0 eng d | ||
| 035 | _a(Sirsi) u7347 | ||
| 041 | _aeng | ||
| 050 | _a694.01 | ||
| 110 | _aNational House Building Council | ||
| 245 | 2 | _aA review of the evidence about timber frame dwellings: this report takes account of insurance claims records and inspectors` field reports on dwellings built for sale, recent research studies in the U.K. and abroad, and the views of over 100 organisations and individuals | |
| 260 |
_aLondon _bNHBC _c1983 |
||
| 300 | _ac52p. 30cm | ||
| 350 | _a0 | ||
| 942 | _n0 | ||
| 948 | _c04/03/1997 | ||
| 999 |
_c86407 _d86407 |
||